| 000 | 00377nam a2200145 i 4500 | ||
|---|---|---|---|
| 001 | 58683 | ||
| 003 | ES-MaACL | ||
| 005 | 20230906163848.0 | ||
| 007 | t| | ||
| 008 | 031023s1953 it ||||1| ita d | ||
| 245 | 0 | 2 | _aL'educazione popolare. |
| 260 |
_aRoma : _bMinistero della Publica Istruzione, _c1953. |
||
| 300 |
_a175 p. ; _c26 cm. |
||
| 852 |
_aES-MaACL _jC-20897 _bR.37013 |
||
| 999 |
_c58683 _d58683 |
||